banner-ar

تاريخ الفكر المصرى الحديث الفكر السياسى والاجتماعى / (Record no. 40687)

MARC details
000 -الفاتح
حقل البيانات ثابتة الطول 00595nam a2200193Ia 4500
008 - عناصر البيانات ثابتة الطول - معلومات عامة
حقل البيانات ثابتة الطول 140319s9999 xx 000 0 ara d
040 ## - مصدر الفهرسة
وكالة الفهرسة الأصلية GCL /
وكالة النسخ GCL
082 04 - رقم تصنيف ديوى العشرى
رقم التصنيف 962
رقم المادة ل ت
100 1# - المدخل الرئيسى - إسم شخصى
الإسم الشخصى لويس عوض
245 10 - بيان العنوان
العنوان تاريخ الفكر المصرى الحديث الفكر السياسى والاجتماعى /
بيان المسئوليه,etc لويس عوض
300 ## - الوصف المادى
التعداد 305 ص
490 ## - بيان السلسلة
عنوان السلسلة كتاب الهلال
رقم المجلد/ التعيين التسلسلي 0
650 04 - المدخل الاضافى بالموضوع-مصطلح موضوعى
مصطلح موضوعي مصر
650 04 - المدخل الاضافى بالموضوع-مصطلح موضوعى
مصطلح موضوعي الاحوال الثقافية
650 04 - المدخل الاضافى بالموضوع-مصطلح موضوعى
مصطلح موضوعي رفاعة الطهطاوى
650 04 - المدخل الاضافى بالموضوع-مصطلح موضوعى
مصطلح موضوعي عبدالرحمن الجبرتى
942 ## - عناصر المدخل الإضافي( كوها)
مصدر التصنيف او مخطط الترفيف Dewey Decimal Classification
Koha [default] item type كتاب
Holdings
حالة التراجع حالة الفقد حالة تلف ليس للاعارة المكان المؤقت الموقع الحالى تاريخ الاكتساب اجمالي اﻻعارات رقم الطلب الباركود تاريخ اخر مشاهدة تاريخ تفعيل السعر نوع وعاء كوها
        مكتبة القاهرة الكبرى مكتبة القاهرة الكبرى 03/26/2014   962\ل ت 98340 03/26/2014 03/26/2014 كتاب

Powered By

EGPV